Hantu kopek / (Record no. 3875)

000 -LEADER
fixed length control field aam a22 a 4500
003 - CONTROL NUMBER IDENTIFIER
control field AKMAL
005 - DATE AND TIME OF LATEST TRANSACTION
control field 20170524114633.0
008 - FIXED-LENGTH DATA ELEMENTS--GENERAL INFORMATION
fixed length control field 170524s1980 my 00 may d
040 ## - CATALOGING SOURCE
Original cataloging agency AKMAL
100 0# - MAIN ENTRY--PERSONAL NAME
Personal name Abdullah bin Ismail
9 (RLIN) 7652
245 10 - TITLE STATEMENT
Title Hantu kopek /
Statement of responsibility, etc. Abdullah bin Ismail
260 ## - PUBLICATION, DISTRIBUTION, ETC.
Place of publication, distribution, etc. Kuala Lumpur :
Name of publisher, distributor, etc. Pustaka Antara,
Date of publication, distribution, etc. 1980
300 00 - PHYSICAL DESCRIPTION
Extent 26ms. :
Other physical details il. ;
Dimensions 21cm
650 #0 - SUBJECT ADDED ENTRY--TOPICAL TERM
Topical term or geographic name entry element Children's stories, Malay
9 (RLIN) 7653
942 ## - ADDED ENTRY ELEMENTS (KOHA)
Source of classification or shelving scheme
Koha item type Book
Holdings
Withdrawn status Lost status Source of classification or shelving scheme Damaged status Not for loan Collection code Home library Current library Shelving location Date acquired Inventory number Full call number Date last seen Price effective from Koha item type Public note
          FICTION AKMAL Melaka AKMAL Melaka PINJAMAN 24.05.2017 000136 201705194 24.05.2017 24.05.2017 Book Dilupuskan. No. Fail. ARKIBMLK.600-6/9/1 Jld.8 ( )
Pusat Sumber Maklumat Dato' Haji Sarmin Md Hussin, Akademi Kastam Diraja Malaysia, Melaka
Tel: 06-2331106 | Faks: 06-2313787